[Event "It (cat.3)"]
[Site "masterchessopen.com Budapest (Hungary)"]
[Round "13"]
[White "Yip Michael (CAN)"]
[Black "Farkas Tibor (SRB)"]
[Result "1-0"]
[WhiteElo "2006"]
[BlackElo "2370"]

1.d4 Nf6 2.c4 g6 3.Nc3 d5 4.cxd5 Nxd5 5.e4 Nxc3 6.bxc3 Bg7 7.Bc4 c5 8.Ne2 Nc6
9.Be3 O-O 10.O-O Bg4 11.f3 Na5 12.Bd3 cxd4 13.cxd4 Be6 14.Rc1 Bxa2 15.Qa4 Be6
16.d5 Bd7 17.Qb4 b6 18.f4 Rc8 19.e5 Re8 20.Nc3 Qc7 21.Ba6 Rcd8 22.Nb5 Qb8
23.Nc7 Rf8 24.Qxe7 Bf5 25.Qb4 b5 26.Rfd1 g5 27.d6 h5 28.Nd5 Kh8 29.Ne7 Bg4
30.fxg5 {#r} 1-0

[Event "It (open) \"]
[Site "masterchessopen.com Cologne (Germany)"]
[Round "6"]
[White "Wicht Juergen (GER)"]
[Black "Schmidt Bernhard (GER)"]
[Result "0-1"]
[WhiteElo "2174"]
[BlackElo "2244"]

1.d4 Nf6 2.c4 g6 3.Nc3 d5 4.cxd5 Nxd5 5.e4 Nxc3 6.bxc3 Bg7 7.Bc4 O-O 8.Ne2 c5
9.Be3 Nc6 10.O-O Bg4 11.f3 Na5 12.Bd3 cxd4 13.cxd4 Be6 14.d5 Bxa1 15.Qxa1 f6
16.Qd4 Bf7 17.Bh6 Re8 18.Bb5 e5 19.Qd3 Re7 20.f4 a6 21.Ba4 b5 22.Bc2 Nc4
23.fxe5 Nxe5 24.Qg3 Qd6 25.Kh1 Be8 26.Nd4 Bd7 27.Nf5 Bxf5 28.exf5 g5 29.h4 Nf7
30.Qxd6 Nxd6 31.hxg5 Re2 {#R} 0-1

[Event "It (c)"]
[Site "masterchessopen.com Debrecen (Hungary)"]
[Round "8"]
[White "Kovacs Lajos D (HUN)"]
[Black "Menyhart Tibor (HUN)"]
[Result "1-0"]
[WhiteElo "2170"]
[BlackElo "2097"]

1.d4 Nf6 2.c4 g6 3.Nc3 d5 4.cxd5 Nxd5 5.e4 Nxc3 6.bxc3 Bg7 7.Bc4 O-O 8.Ne2 c5
9.O-O Nc6 10.Be3 cxd4 11.cxd4 Bg4 12.f3 Na5 13.Bd3 Be6 14.d5 Bxa1 15.Qxa1 f6
16.Bd4 Bf7 17.Kh1 a6 18.Nf4 Rc8 19.e5 Bxd5 20.exf6 exf6 21.Rd1 Bc4 22.Bxc4+
Nxc4 23.Ne6 Qe7 24.Nxf8 Rxf8 25.h3 b5 26.Qc3 Kg7 27.a4 Rf7 28.axb5 axb5 29.Rb1
Qd7 30.Bc5 Qc6 31.Qb4 Rb7 32.Rd1 Rb8 33.Bd4 h5 34.Qe7+ Kg8 35.Bxf6 Qb7 36.Rd7
{#r} 1-0

[Event "It (open)"]
[Site "masterchessopen.com Dortmund (Germany)"]
[Round "8"]
[White "Schoen Wolfram (GER)"]
[Black "Lingnau Carsten (GER)"]
[Result "1-0"]
[WhiteElo "2403"]
[BlackElo "2395"]

1.d4 Nf6 2.c4 g6 3.Nc3 d5 4.cxd5 Nxd5 5.e4 Nxc3 6.bxc3 Bg7 7.Bc4 c5 8.Ne2 Nc6
9.Be3 O-O 10.O-O Bg4 11.f3 Na5 12.Bd3 cxd4 13.cxd4 Be6 14.Rc1 Bxa2 15.d5 e6
16.Bc5 exd5 17.Bxf8 Bxf8 18.Nc3 Bb3 19.Qe2 dxe4 20.Nxe4 Qd4+ 21.Kh1 Rd8 22.Qe1
Qxd3 23.Qxa5 a6 24.Qb6 Rc8 25.Qxb7 Rxc1 26.Rxc1 a5 27.h3 Be6 28.Qb2 Qa3 29.Qd2
h6 30.Rb1 a4 31.Nf6+ Kh8 32.Qd4 Qd6 33.Qxa4 Bxh3 34.Qa1 Bg7 35.Qa8+ Bf8 36.Ne4
Qd3 37.Qxf8+ {#r} 1-0

[Event "It \"]
[Site "masterchessopen.com Hungary"]
[Round "6"]
[White "Kovacs Attila (HUN)"]
[Black "Apro Adrian (HUN)"]
[Result "0-1"]
[WhiteElo "2365"]
[BlackElo "2183"]

1.d4 Nf6 2.c4 g6 3.Nc3 d5 4.cxd5 Nxd5 5.e4 Nxc3 6.bxc3 Bg7 7.Bc4 c5 8.Ne2 O-O
9.O-O Nc6 10.Be3 cxd4 11.cxd4 Bg4 12.f3 Na5 13.Bd3 Be6 14.Rc1 Bxa2 15.d5 Bb3
16.Qe1 Ba4 17.Qb4 Bd7 18.Nd4 b6 19.Ba6 Bc8 20.Bb5 Bxd4 21.Bxd4 Bd7 22.Rfd1
Bxb5 23.Qxb5 Rc8 24.Bc3 Rc5 25.Qd3 Qc7 26.Bb2 Rc8 27.e5 Nc4 {#R} 0-1

[Event "Ch Portugal (1/2 final)"]
[Site "masterchessopen.com Portugal"]
[Round "2"]
[White "Ferreira Antonio (POR)"]
[Black "Morais Mario (FRA)"]
[Result "1-0"]
[WhiteElo "2335"]
[BlackElo "2045"]

1.d4 Nf6 2.c4 g6 3.Nc3 d5 4.cxd5 Nxd5 5.e4 Nxc3 6.bxc3 Bg7 7.Bc4 c5 8.Ne2 O-O
9.O-O Nc6 10.Be3 cxd4 11.cxd4 Bg4 12.f3 Na5 13.Bd3 Be6 14.d5 Bxa1 15.Qxa1 f6
16.Qd4 Bf7 17.Bh6 Qd6 18.Bxf8 Kxf8 19.Rc1 b6 20.Ba6 Rd8 21.Qc3 e6 22.Qxf6 exd5
23.Qh8+ Ke7 24.Qxh7 d4 25.Qh4+ Kf8 26.e5 Qe7 27.Qh8+ Bg8 28.Nf4 Qf7 29.Rc7
{#r} 1-0

[Event "Cup Rilton"]
[Site "masterchessopen.com Stockholm (Sweden)"]
[Round "0"]
[White "Adler Bo (SWE)"]
[Black "Winsnes Rikard (SWE)"]
[Result "0-1"]
[WhiteElo "2171"]
[BlackElo "2409"]

1.d4 Nf6 2.c4 g6 3.Nc3 d5 4.cxd5 Nxd5 5.e4 Nxc3 6.bxc3 Bg7 7.Bc4 c5 8.Ne2 Nc6
9.Be3 O-O 10.O-O Bg4 11.f3 Na5 12.Bd3 cxd4 13.cxd4 Be6 14.Rc1 Bxa2 15.Qa4 Be6
16.d5 Bd7 17.Qb4 e6 18.f4 exd5 19.exd5 Re8 20.Bf2 Bg4 21.Nc3 b6 22.f5 Bxf5
23.Bxf5 gxf5 24.Bh4 Qd7 25.Rf3 Rac8 26.Rg3 Rc4 27.Bf6 Rxb4 28.Rxg7+ Kf8
29.Rxh7 Rg4 30.Rd1 Qd6 31.Rh8+ Rg8 32.Rh6 Qf4 33.Rh3 Nc4 34.d6 Nxd6 35.Nd5 Qg4
36.Rd2 Qxh3 37.Nxb6 {#R} 0-1

[Event "Memorial Kent Olive (open)"]
[Site "masterchessopen.com Winnipeg (Canada)"]
[Round "0"]
[White "Gentes Kevin (CAN)"]
[Black "Burstow John (CAN)"]
[Result "0-1"]
[WhiteElo "2266"]
[BlackElo "2280"]

1.d4 Nf6 2.c4 g6 3.Nc3 d5 4.cxd5 Nxd5 5.e4 Nxc3 6.bxc3 Bg7 7.Bc4 c5 8.Ne2 Nc6
9.Be3 O-O 10.O-O Bg4 11.f3 Na5 12.Bd3 cxd4 13.cxd4 Be6 14.d5 Bxa1 15.Qxa1 f6
16.Rb1 Bd7 17.Bh6 Rf7 18.e5 e6 19.Nf4 fxe5 20.Nxe6 Bxe6 21.dxe6 Rc7 22.Be4 Nc4
23.Bxb7 Rb8 24.e7 Rxe7 25.Bd5+ Qxd5 26.Rxb8+ Kf7 27.Rf8+ Ke6 28.Qf1 Qd4+
29.Kh1 Rf7 30.Rc8 Nd6 31.Rc2 Rb7 32.g3 Rb2 33.Rxb2 Qxb2 34.Qa6 Qf2 35.Qa3 {#R}
0-1

[Event "Ch France (open) (a)"]
[Site "masterchessopen.com Nantes (France)"]
[Date "1993.08.19"]
[Round "3"]
[White "Chevrier Thomas (FRA)"]
[Black "Janotta Patrick (FRA)"]
[Result "1-0"]
[WhiteElo "2210"]
[BlackElo "2140"]

1.d4 Nf6 2.c4 g6 3.Nc3 d5 4.cxd5 Nxd5 5.e4 Nxc3 6.bxc3 Bg7 7.Bc4 c5 8.Ne2 O-O
9.O-O Nc6 10.Be3 Bg4 11.f3 Na5 12.Bd3 cxd4 13.cxd4 Be6 14.Rc1 Bxa2 15.Qa4 Be6
16.d5 Bd7 17.Qb4 b6 18.Ba6 Bc8 19.Bxc8 Rxc8 20.Rxc8 Qxc8 21.Qxe7 Qc2 22.Kf2
Nc4 23.Rc1 Qd3 24.Bf4 Nb2 25.d6 Qa3 26.Rc7 Nd3+ 27.Kg3 Nxf4 28.Nxf4 a5 29.Kh3
g5 30.Ne6 g4+ 31.Kh4 Qb2 32.Nxg7 Qf2+ 33.Kh5 Kxg7 34.Qg5+ Kh8 35.Kh6 Qd4 36.e5
{#r} 1-0

[Event "Ch Germany (juniors) (team)"]
[Site "masterchessopen.com Binz (Germany)"]
[Round "2"]
[White "Jordan Raul (GER)"]
[Black "Klee Mario (GER)"]
[Result "1-0"]
[WhiteElo "2179"]
[BlackElo "2173"]

1.d4 Nf6 2.c4 g6 3.Nc3 d5 4.cxd5 Nxd5 5.e4 Nxc3 6.bxc3 Bg7 7.Be3 O-O 8.Bc4 c5
9.Ne2 cxd4 10.cxd4 Nc6 11.O-O Bg4 12.f3 Na5 13.Bd3 Be6 14.Qa4 Bd7 15.Qb4 b5
16.Rab1 a6 17.Rfc1 Rc8 18.Rxc8 Bxc8 19.a4 Nc4 20.Bxc4 bxc4 21.Qxc4 Qd7 22.Nf4
Bb7 23.Nd3 Qc6 24.Qxc6 Bxc6 25.Nc5 Ra8 26.Rb6 Be8 27.Kf2 Bf8 28.d5 Bg7 29.Rb7
Bf8 30.Nd7 Bg7 31.Nb6 Rd8 32.Bc5 a5 33.Bxe7 Bd4+ 34.Ke2 Bxb6 35.Bxd8 {#r} 1-0

[Event "Ch Germany (juniors) (team)"]
[Site "masterchessopen.com Binz (Germany)"]
[Round "4"]
[White "Lytchak Alexander (GER)"]
[Black "Schmenger Felix (GER)"]
[Result "1-0"]
[WhiteElo "2429"]
[BlackElo "2282"]

1.d4 Nf6 2.c4 g6 3.Nc3 d5 4.cxd5 Nxd5 5.e4 Nxc3 6.bxc3 Bg7 7.Bc4 c5 8.Ne2 O-O
9.O-O Nc6 10.Be3 Bg4 11.f3 Na5 12.Bd3 cxd4 13.cxd4 Be6 14.d5 Bxa1 15.Qxa1 f6
16.Rd1 Bf7 17.Kh1 Qd7 18.g4 Rfc8 19.g5 Qd6 20.Bd4 e5 21.dxe6 Qxe6 22.Nc3 Qh3
23.Bf1 Qxf3+ 24.Bg2 Qg4 25.Bxf6 Nc4 26.Re1 Nd2 27.Nd5 Bxd5 28.exd5 Re8 29.d6
Ne4 30.Rf1 Rf8 31.Qb2 Nxf6 32.gxf6 Rf7 33.Bd5 Qd7 34.Qb3 Rf8 35.Re1 Rc8
36.Bxf7+ Qxf7 37.d7 {#r} 1-0

[Event "Ch Catalunia (team)"]
[Site "masterchessopen.com Catalunia (Spain)"]
[Round "0"]
[White "Martin Allende Jorge (ESP)"]
[Black "Fluvia Frigola Joan (ESP)"]
[Result "0-1"]
[WhiteElo "2117"]
[BlackElo "2078"]

1.d4 Nf6 2.c4 g6 3.Nc3 d5 4.cxd5 Nxd5 5.e4 Nxc3 6.bxc3 Bg7 7.Bc4 O-O 8.Ne2 c5
9.O-O cxd4 10.cxd4 Nc6 11.Be3 Bg4 12.f3 Na5 13.Bd3 Be6 14.Rc1 Bxa2 15.Qa4 Be6
16.d5 Bd7 17.Qb4 b6 18.Ba6 Bc8 19.Bxc8 Rxc8 20.Rxc8 Qxc8 21.Qxe7 Qc2 22.Nf4
Qc3 23.Bf2 Qd2 24.g3 Nc4 25.Qxa7 Bd4 26.Qa4 Bxf2+ 27.Rxf2 Qe1+ 28.Rf1 Qe3+
29.Kg2 Qd2+ 30.Kg1 Ne3 31.Ra1 g5 32.Ra2 Qe1# 0-1

[Event "It (open) \"]
[Site "masterchessopen.com Cologne (Germany)"]
[Round "9"]
[White "Lytchak Alexander (GER)"]
[Black "Bildat Juergen (GER)"]
[Result "1-0"]
[WhiteElo "2429"]
[BlackElo "2098"]

1.d4 Nf6 2.c4 g6 3.Nc3 d5 4.cxd5 Nxd5 5.e4 Nxc3 6.bxc3 Bg7 7.Bc4 c5 8.Ne2 Nc6
9.Be3 O-O 10.O-O Bg4 11.f3 Na5 12.Bd3 cxd4 13.cxd4 Be6 14.d5 Bxa1 15.Qxa1 f6
16.Rb1 Re8 17.Nf4 Bd7 18.Bd4 Kf7 19.e5 e6 20.exf6 exd5 21.Nxd5 b6 22.Ne7 Qc7
23.Re1 Rad8 24.Qb1 Bf5 25.Bxf5 Rxd4 26.Bxg6+ hxg6 27.Qxg6+ Kf8 28.Qg7# 1-0

[Event "It"]
[Site "masterchessopen.com Malme (Sweden)"]
[Round "5"]
[White "Ahlander Bjorn (SWE)"]
[Black "Hellers Ferdinand (SWE)"]
[Result "0-1"]
[WhiteElo "2405"]
[BlackElo "2560"]

1.d4 Nf6 2.c4 g6 3.Nc3 d5 4.cxd5 Nxd5 5.e4 Nxc3 6.bxc3 Bg7 7.Bc4 c5 8.Ne2 Nc6
9.Be3 O-O 10.O-O Bg4 11.f3 Na5 12.Bd3 cxd4 13.cxd4 Be6 14.Rc1 Bxa2 15.Qa4 Bb3
16.Qb4 b6 17.Bg5 f6 18.Be3 Bf7 19.Ba6 Qd6 20.Qb2 Rab8 21.d5 b5 22.Bxb5 a6
23.Qc3 Rxb5 24.Nd4 Rb4 25.Ne6 Nb3 26.Nxf8 Nxc1 27.Rxc1 f5 28.Qc8 Bxf8 29.Bc5
Qb8 30.Bxe7 Rb1 31.Rxb1 Qxc8 {#R} 0-1

[Event "It (open)"]
[Site "masterchessopen.com Muenster (Germany)"]
[Round "1"]
[White "Hanewinkel Winfried (GER)"]
[Black "Zagorskis Darius (LTU)"]
[Result "0-1"]
[WhiteElo "1975"]
[BlackElo "2485"]

1.d4 Nf6 2.c4 g6 3.Nc3 d5 4.cxd5 Nxd5 5.e4 Nxc3 6.bxc3 Bg7 7.Bc4 c5 8.Ne2 Nc6
9.Be3 O-O 10.O-O Bg4 11.f3 Na5 12.Bd3 cxd4 13.cxd4 Be6 14.d5 Bxa1 15.Qxa1 Bd7
16.Rb1 f6 17.Bh6 Rc8 18.Bxf8 Qxf8 19.Qd4 b6 20.f4 e6 21.d6 Nc6 22.Qb2 Qxd6
23.Ba6 Rf8 {#R} 0-1

[Event "Tournament (active)"]
[Site "masterchessopen.com Poland"]
[Round "7"]
[White "Skowronski Piotr (POL)"]
[Black "Macieja Bartlomiej (POL)"]
[Result "0-1"]
[WhiteElo "2072"]
[BlackElo "2613"]

1.c4 Nf6 2.Nc3 d5 3.cxd5 Nxd5 4.d4 g6 5.e4 Nxc3 6.bxc3 Bg7 7.Bc4 c5 8.Ne2 cxd4
9.cxd4 Nc6 10.Be3 O-O 11.O-O Bg4 12.f3 Na5 13.Bd3 Be6 14.d5 Bxa1 15.Qxa1 f6
16.Qd4 Bd7 17.Rb1 b5 18.Bh6 Rf7 19.e5 fxe5 20.Qxe5 Rc8 21.h4 Nc4 22.Qg3 Bf5
23.Bxf5 Rxf5 24.Nf4 Qb6+ 25.Kh2 Ne5 26.Re1 Rc2 {#R} 0-1

[Event "Slovak League (2nd) 1994/95"]
[Site "masterchessopen.com Slovakia"]
[Round "5"]
[White "Timoscenko Gennadij (SVK)"]
[Black "Pobjecky Ivan (SVK)"]
[Result "1-0"]
[WhiteElo "2515"]
[BlackElo "2058"]

1.d4 Nf6 2.c4 g6 3.Nc3 d5 4.cxd5 Nxd5 5.e4 Nxc3 6.bxc3 Bg7 7.Bc4 O-O 8.Ne2 c5
9.O-O Nc6 10.Be3 cxd4 11.cxd4 Bg4 12.f3 Na5 13.Bd3 Be6 14.Rc1 b6 15.d5 Bd7
16.Nd4 Rc8 17.Qd2 e5 18.dxe6 Bxe6 19.Nxe6 fxe6 20.Rxc8 Qxc8 21.Rc1 Qd7 22.Ba6
Qxd2 23.Bxd2 Bd4+ 24.Kf1 Kg7 25.Ke2 Rf7 26.Bc8 e5 27.Be6 Re7 28.Bd5 Nb7 29.Bg5
Rd7 30.Be6 Rd6 31.Rc7+ Kf8 32.Bb3 {#r} 1-0

[Event "Memorial M.Chigorin"]
[Site "masterchessopen.com St. Petersburg (Russia)"]
[Round "1"]
[White "Terekhov Andrey (RUS)"]
[Black "Neverov Valeriy (UKR)"]
[Result "0-1"]
[WhiteElo "2289"]
[BlackElo "2470"]

1.d4 Nf6 2.c4 g6 3.Nc3 d5 4.cxd5 Nxd5 5.e4 Nxc3 6.bxc3 Bg7 7.Bc4 c5 8.Ne2 Nc6
9.Be3 O-O 10.O-O Bg4 11.f3 Na5 12.Bd3 cxd4 13.cxd4 Be6 14.Rc1 Bxa2 15.Qa4 Be6
16.d5 Bd7 17.Qb4 e6 18.Nc3 exd5 19.exd5 Re8 20.Bf2 Bf8 21.Qf4 Nb3 22.Rb1 Nc5
23.Be2 Bf5 24.Rbd1 Bd6 25.Qh6 a6 26.Ne4 Bf8 27.Qf4 Nxe4 28.fxe4 Rxe4 29.Qf3
Bd6 30.Rd4 Rxd4 31.Bxd4 Qh4 {#R} 0-1

[Event "Tournament"]
[Site "masterchessopen.com Aarhus (Denmark)"]
[Round "2"]
[White "Jensen Jacob Bjerre (DEN)"]
[Black "Hansen Thomas (DEN)"]
[Result "1-0"]
[WhiteElo "2220"]
[BlackElo "1779"]

1.d4 Nf6 2.c4 g6 3.Nc3 d5 4.cxd5 Nxd5 5.e4 Nxc3 6.bxc3 Bg7 7.Bc4 O-O 8.Ne2 c5
9.Be3 Nc6 10.O-O cxd4 11.cxd4 Bg4 12.f3 Na5 13.Bd3 Be6 14.Rc1 Bxa2 15.Qa4 Be6
16.d5 a6 17.Qb4 b5 18.Bc5 Re8 19.dxe6 Qxd3 20.Rfd1 Qxe2 21.Rd2 Qxd2 22.exf7+
Kxf7 23.Qxd2 Nc4 24.Qd5+ Kf8 25.Qb7 Rac8 26.Bxe7+ Kf7 27.Bd8+ {#r} 1-0

[Event "Tournament (team)"]
[Site "masterchessopen.com Buenos Aires (Argentina)"]
[Round "4"]
[White "Berrotaran Esteban (ARG)"]
[Black "Arrieta Hector (ARG)"]
[Result "0-1"]
[WhiteElo "2199"]
[BlackElo "2105"]

1.d4 Nf6 2.c4 g6 3.Nc3 d5 4.cxd5 Nxd5 5.e4 Nxc3 6.bxc3 Bg7 7.Bc4 c5 8.Ne2 Nc6
9.Be3 O-O 10.O-O cxd4 11.cxd4 Bg4 12.f3 Na5 13.Bd3 Be6 14.Rc1 a6 15.d5 Bd7
16.Qe1 Bb5 17.Bxb5 axb5 18.Qb4 Nc4 19.Bc5 Nd6 20.Rc2 Ra4 21.Qb3 Qd7 22.Bb4
Rfa8 23.Rd1 h5 24.Nf4 Nc4 25.d6 e6 26.a3 R4a6 27.Ne2 Rc6 28.f4 e5 29.Qd3 Bh6
30.Qd5 Ne3 31.Qxe5 Rxc2 32.Rd3 Rxe2 33.Bc3 Rxg2+ 34.Kh1 Rxh2+ {#R} 0-1

[Event "It (open)"]
[Site "masterchessopen.com Ceske Budejovice (Czech Republic)"]
[Round "9"]
[White "Dubinka Inna (UKR)"]
[Black "Loeffler Josef (AUT)"]
[Result "1-0"]
[WhiteElo "2235"]
[BlackElo "2068"]

1.d4 Nf6 2.c4 g6 3.Nc3 d5 4.cxd5 Nxd5 5.e4 Nxc3 6.bxc3 c5 7.Bc4 Bg7 8.Ne2 O-O
9.O-O cxd4 10.cxd4 Nc6 11.Be3 Bg4 12.f3 Na5 13.Bd3 Be6 14.Rc1 b6 15.d5 Bd7
16.Nd4 Re8 17.Ba6 Bc8 18.Be2 Bd7 19.Nb5 Bxb5 20.Bxb5 Rf8 21.Bf4 Rc8 22.Qa4 e5
23.Bd2 f5 24.Ba6 Rb8 25.Bb4 Rf7 26.d6 Bh6 27.Rc2 fxe4 28.Bxa5 bxa5 29.Bc4 e3
30.Bxf7+ Kxf7 31.Rc7+ Kg8 32.Qc4+ Kh8 33.Qf7 Qg8 34.Qxg8+ Kxg8 35.d7 e2
36.Rc8+ Kf7 37.Re1 {#r} 1-0

[Event "Oberliga 1994/95"]
[Site "masterchessopen.com Hessen (Germany)"]
[Round "0"]
[White "Kierzek Matthias Dr (GER)"]
[Black "Schnitzspan Lothar (GER)"]
[Result "0-1"]
[WhiteElo "2153"]
[BlackElo "2345"]

1.d4 Nf6 2.c4 g6 3.Nc3 d5 4.cxd5 Nxd5 5.e4 Nxc3 6.bxc3 Bg7 7.Bc4 c5 8.Ne2 Nc6
9.Be3 O-O 10.O-O Bg4 11.f3 Na5 12.Bd3 cxd4 13.cxd4 Be6 14.Qa4 a6 15.d5 Bxa1
16.Rxa1 Rc8 17.Qd4 Bd7 18.Bh6 f6 19.Bxf8 Kxf8 20.h3 b5 21.f4 Nc4 22.Rc1 e5
23.Qf2 Nb2 24.Bc2 Qe7 25.fxe5 Qxe5 26.Bb3 Rxc1+ 27.Nxc1 Ke8 28.Qd2 a5 29.d6
Nc4 30.Bxc4 bxc4 31.Qd5 Qxd5 32.exd5 Bf5 33.Ne2 Kd7 34.Kf2 Kxd6 35.Nc3 g5
36.Ke3 Ke5 37.g4 Bd3 {#R} 0-1

[Event "Ch Moscow (open)"]
[Site "masterchessopen.com Moscow (Russia)"]
[Round "4"]
[White "Mitenkov Alexey (RUS)"]
[Black "Kriventsov Stanislav G (CAN)"]
[Result "1-0"]
[WhiteElo "2430"]
[BlackElo "2315"]

1.d4 Nf6 2.c4 g6 3.Nc3 d5 4.cxd5 Nxd5 5.e4 Nxc3 6.bxc3 Bg7 7.Bc4 c5 8.Ne2 Nc6
9.Be3 O-O 10.O-O Bg4 11.f3 Na5 12.Bd3 cxd4 13.cxd4 Be6 14.Qd2 Nc4 15.Bxc4 Bxc4
16.Rfd1 Qd6 17.Rac1 Qa6 18.Nc3 b5 19.e5 Rfd8 20.Qb2 f5 21.exf6 exf6 22.d5 f5
23.Bd4 Bf8 24.Qd2 b4 25.Qf4 Re8 26.Nb1 Rac8 27.Ba1 Bd6 28.Qh6 Re7 29.Qh4 Re2
30.Kh1 Rce8 31.Rxc4 Qxa2 32.Rc6 Be7 33.Rxg6+ {#r} 1-0

[Event "It (open)"]
[Site "masterchessopen.com St. Petersburg (Russia)"]
[Round "0"]
[White "Graf Alexander (GER)"]
[Black "Notkin Maksim (RUS)"]
[Result "0-1"]
[WhiteElo "2585"]
[BlackElo "2520"]

1.d4 Nf6 2.c4 g6 3.Nc3 d5 4.cxd5 Nxd5 5.e4 Nxc3 6.bxc3 Bg7 7.Bc4 c5 8.Ne2 Nc6
9.Be3 O-O 10.O-O Bg4 11.f3 Na5 12.Bd3 cxd4 13.cxd4 Be6 14.Rc1 Bxa2 15.f4 a6
16.f5 b5 17.e5 Bb3 18.Qe1 Bc4 19.Be4 Rc8 20.Rd1 Nc6 21.Rf3 Qa5 22.Rd2 Rfd8
23.Rh3 Bxe2 24.Qxe2 Qb4 25.fxg6 hxg6 26.e6 f5 27.Bxf5 Nxd4 28.Qg4 Rc1+ 29.Kf2
Rf8 30.Qxg6 Rxf5+ 31.Rf3 Rf1+ 32.Kg3 Qd6+ 33.Kg4 Nxf3 34.gxf3 Rg1+ 35.Kxf5
Qe5# 0-1

[Event "Verbandsliga North 1995/96"]
[Site "masterchessopen.com Baden (Germany)"]
[Date "1995.11.26"]
[Round "3"]
[White "Zimmermann Paul (GER)"]
[Black "Tresch Ralf (GER)"]
[Result "0-1"]
[WhiteElo "2186"]
[BlackElo "2221"]

1.d4 Nf6 2.c4 g6 3.Nc3 d5 4.cxd5 Nxd5 5.e4 Nxc3 6.bxc3 Bg7 7.Bc4 c5 8.Ne2 O-O
9.O-O Nc6 10.Be3 Bg4 11.f3 Na5 12.Bd3 cxd4 13.cxd4 Be6 14.d5 Bxa1 15.Qxa1 f6
16.Rb1 Kg7 17.Nf4 Bf7 18.Rb5 b6 19.e5 g5 20.Nh3 Bxd5 21.exf6+ exf6 22.Nxg5 h6
23.Be4 Bc4 24.Bxa8 Qxa8 25.Qb1 hxg5 26.Rb2 Bf7 27.h4 Bg6 28.Qd1 Nc4 29.Re2
Nxe3 30.Rxe3 gxh4 31.Qd7+ Rf7 32.Qg4 Qc6 33.Qxh4 Qc5 34.Qf2 Rd7 35.Qe2 Re7
36.Kf2 {#R} 0-1

[Event "Ch Netherlands (juniors) (under 20)"]
[Site "masterchessopen.com Arnhem (Netherlands)"]
[Round "2"]
[White "De Rover Yong Hoon (NED)"]
[Black "Aubel Jochem (NED)"]
[Result "0-1"]
[WhiteElo "2264"]
[BlackElo "2243"]

1.d4 Nf6 2.c4 g6 3.Nc3 d5 4.cxd5 Nxd5 5.e4 Nxc3 6.bxc3 Bg7 7.Bc4 c5 8.Ne2 Nc6
9.Be3 O-O 10.O-O Bg4 11.f3 Na5 12.Bd3 cxd4 13.cxd4 Be6 14.Rc1 Bxa2 15.Qa4 Bb3
16.Qb4 b6 17.d5 Qd6 18.Qxd6 exd6 19.Nd4 Ba4 20.Rc7 Bxd4 21.Bxd4 Nb3 22.Bf6
Rfc8 23.Rxc8+ Rxc8 24.f4 Nc5 25.Bb1 Kf8 26.h4 Nd7 27.Bb2 Ke7 28.Re1 b5 29.e5
b4 30.Re2 Bb3 31.e6 Nf8 32.f5 fxe6 33.fxg6 hxg6 34.dxe6 Bxe6 35.Bg7 Rc1+ {#R}
0-1

[Event "It (open)"]
[Site "masterchessopen.com Fuzesabony (Hungary)"]
[Round "9"]
[White "Juhasz Bela (HUN)"]
[Black "Szekeres Sandor (HUN)"]
[Result "1-0"]
[WhiteElo "2124"]
[BlackElo "2057"]

1.d4 Nf6 2.c4 g6 3.Nc3 d5 4.cxd5 Nxd5 5.e4 Nxc3 6.bxc3 Bg7 7.Bc4 c5 8.Be3 Nc6
9.Ne2 cxd4 10.cxd4 O-O 11.O-O Bg4 12.f3 Na5 13.Bd3 Be6 14.Qa4 Bd7 15.Qb4 b6
16.Rac1 Nb7 17.Ba6 Nd6 18.Rfd1 Bc8 19.Bd3 a6 20.d5 Rb8 21.Nd4 Bxd4 22.Qxd4 f6
23.Rc6 b5 24.f4 Bd7 25.Rxa6 Ra8 26.Ra7 Rc8 27.Qb4 Nc4 28.Bd4 Bg4 29.Rb1 e5
30.Bc5 exf4 31.Bxc4 bxc4 32.Qb7 Bd7 33.Bxf8 {#r} 1-0

[Event "NRW-liga (juniors) 1996/97"]
[Site "masterchessopen.com Germany"]
[Round "4"]
[White "Lytchak Alexander (GER)"]
[Black "Kharitonov Alexandr (RUS)"]
[Result "1-0"]
[WhiteElo "2295"]
[BlackElo "2540"]

1.d4 Nf6 2.c4 g6 3.Nc3 d5 4.cxd5 Nxd5 5.e4 Nxc3 6.bxc3 c5 7.Bc4 Bg7 8.Ne2 O-O
9.O-O Nc6 10.Be3 Bg4 11.f3 Na5 12.Bd3 cxd4 13.cxd4 Be6 14.Qa4 a6 15.d5 Bxa1
16.Rxa1 f6 17.Rd1 b5 18.Qb4 Bf7 19.a4 Nc4 20.Bxc4 bxc4 21.Qxc4 Qd7 22.Nd4 Rfd8
23.Nc6 Rdc8 24.Rc1 Kg7 25.Qd4 Rc7 26.a5 Qd6 27.Qd2 Qd7 28.Bf4 Rb7 29.h4 e6
30.Bh6+ Kg8 31.Qf4 exd5 32.Qxf6 Be6 33.Nd4 Re8 34.Rc6 dxe4 35.Rxe6 Rb1+ 36.Kh2
{#r} 1-0

[Event "Ch Pfalz"]
[Site "masterchessopen.com Landau (Germany)"]
[Round "0"]
[White "Guthmann Andreas Dr (GER)"]
[Black "Flierl Pascal (GER)"]
[Result "0-1"]
[WhiteElo "1957"]
[BlackElo "2204"]

1.d4 Nf6 2.c4 g6 3.Nc3 d5 4.cxd5 Nxd5 5.e4 Nxc3 6.bxc3 Bg7 7.Bc4 O-O 8.Ne2 c5
9.O-O Nc6 10.Be3 cxd4 11.cxd4 Bg4 12.f3 Na5 13.Bd3 Be6 14.Qa4 a6 15.Bd2 Nc6
16.d5 Bxa1 17.Rxa1 b5 18.Qa3 Ne5 19.Ba5 Qd7 20.Rd1 Qa7+ 21.Kh1 Bc8 22.Bb4 Re8
23.Bc5 Qd7 24.Bc2 Bb7 25.Qc3 Rac8 26.d6 exd6 27.Rxd6 Qc7 28.Bb4 Qxc3 29.Nxc3
a5 30.Bxa5 Nc4 {#R} 0-1

[Event "Ch World (universities) (w)"]
[Site "masterchessopen.com Leon (Spain)"]
[Round "6"]
[White "Schmid Shahanah (SUI)"]
[Black "Qin Kanying (CHN)"]
[Result "0-1"]
[WhiteElo "2069"]
[BlackElo "2370"]

1.d4 Nf6 2.c4 g6 3.Nc3 d5 4.cxd5 Nxd5 5.e4 Nxc3 6.bxc3 Bg7 7.Bc4 c5 8.Be3 Nc6
9.Ne2 O-O 10.O-O Bg4 11.f3 Na5 12.Bd3 cxd4 13.cxd4 Be6 14.Qa4 a6 15.Rac1 b5
16.Qb4 Bxa2 17.Rfd1 Bb3 18.Bc2 Bc4 19.Bd3 Bxd3 20.Rxd3 Nc4 21.Bf2 Qd7 22.Nc3
e6 23.Na4 bxa4 24.Rxc4 Rab8 25.Qa3 Rb1+ 26.Rc1 Qb5 27.Be3 Rd8 28.Rc3 Bf8
29.Rxb1 Qxb1+ 30.Rc1 Qb3 31.Qxb3 axb3 32.Rb1 Rb8 33.d5 exd5 34.exd5 a5 35.Bf4
Rb7 36.d6 a4 37.Be5 f6 38.Bg3 a3 39.d7 Rxd7 40.Rxb3 a2 {#R} 0-1

[Event "Ch Yugoslavia (1/2 final) (open)"]
[Site "masterchessopen.com Niska Banja (Yugoslavia)"]
[Round "3"]
[White "Nikolic Zoran (SRB)"]
[Black "Mastrapovic Vladimir (SRB)"]
[Result "0-1"]
[WhiteElo "2225"]
[BlackElo "2260"]

1.d4 Nf6 2.c4 g6 3.Nc3 d5 4.cxd5 Nxd5 5.e4 Nxc3 6.bxc3 Bg7 7.Bc4 c5 8.Ne2 Nc6
9.Be3 O-O 10.O-O Na5 11.Bd3 Bg4 12.f3 cxd4 13.cxd4 Be6 14.Rc1 Bxa2 15.Qa4 Be6
16.d5 Bd7 17.Bb5 Bxb5 18.Qxb5 b6 19.Nd4 Rc8 20.Rxc8 Qxc8 21.Rc1 Bxd4 22.Rxc8
Bxe3+ 23.Kf1 Rxc8 24.Qd7 Rc1+ 25.Ke2 Bc5 26.e5 Nc4 27.d6 Rc2+ 28.Ke1 Bf2+ {#R}
0-1

[Event "VL1 1996/97"]
[Site "masterchessopen.com NRW (Germany)"]
[Round "0"]
[White "Harms Andreas (GER)"]
[Black "Woestmann Ulrich (GER)"]
[Result "1-0"]
[WhiteElo "2179"]
[BlackElo "2060"]

1.d4 Nf6 2.c4 g6 3.Nc3 d5 4.cxd5 Nxd5 5.e4 Nxc3 6.bxc3 Bg7 7.Bc4 c5 8.Ne2 O-O
9.O-O cxd4 10.cxd4 Nc6 11.Be3 Bg4 12.f3 Na5 13.Bd3 Be6 14.d5 Bxa1 15.Qxa1 f6
16.Qb1 Bf7 17.Nd4 Rc8 18.Qb4 Re8 19.Bb5 Qb6 20.Nf5 Qc7 21.Rc1 Qxc1+ 22.Bxc1
Rxc1+ 23.Kf2 gxf5 24.Bxe8 Bxe8 25.Qxe7 Bf7 26.Qd8+ Kg7 27.Qxa5 Rc2+ 28.Kg3
fxe4 29.fxe4 Re2 30.Kf3 Rc2 31.Qxa7 Rd2 32.Qa3 b5 33.Qe7 Kg6 34.d6 Rd3+ 35.Kf2
Bc4 36.d7 Rd2+ 37.Ke1 {#r} 1-0